Dlhodobý model rastu SR - trh práce
Guardado en:
| Autor principal: | |
|---|---|
| Autor Corporativo: | |
| Formato: | Libro |
| Lenguaje: | eslovaco |
| Publicado: |
Bratislava
2012
|
| Materias: | |
| Etiquetas: |
Sin Etiquetas, Sea el primero en etiquetar este registro!
|
MARC
| LEADER | 00000nam a2200000 4500 | ||
|---|---|---|---|
| 001 | 0164140 | ||
| 005 | 20240502072847.7 | ||
| 041 | 0 | |a slo | |
| 044 | |a SK | ||
| 245 | 1 | 0 | |a Dlhodobý model rastu SR - trh práce |c Miroslava Dolinajcová |
| 264 | 1 | |a Bratislava |c 2012 | |
| 300 | |a 10 s. | ||
| 610 | 2 | 0 | |a modely rastu |
| 610 | 2 | 0 | |a trh práce |
| 100 | 1 | |a Dolinajcová, Miroslava | |
| 710 | 2 | |a Fakulta hospodárskej informatiky EU. Katedra operačného výskumu a ekonometrie | |